000 00702nam a2200253Ia 4500
003 OSt
005 20220927110500.0
006 a|||||r|||| 00| 0
007 ta
008 220926b |||||||| |||| 00| 0 eng d
024 _a104611
037 _cReports
040 _aRTL
_cRTL
_beng
041 _2eng
_aeng
082 _a"z.271.N61t5, K1.1/GD"
110 _aMadhya Pradesh
_9378718
245 0 _a"Third five year plan, 1961-1966"
260 _aBhopal
_bGovernment Central Press India
_c1961
300 _a363p.
_ccm.
650 _aGeneralia
700 _aMadhya Pradesh
_9378719
942 _h"z.271.N61t5, K1.1/GD"
_cCC
999 _c696965
_d696965